Logo BPK

Biblioteka

Politechniki Koszalińskiej

Geografia ekonomiczna Ameryki Łacińskiej / (Rekord nr 10263)

Szczegóły MARC
000 -ETYKIETA REKORDU
podpole kontrolne o stałej długości 00434nam a2200169 i 4500
001 - NUMER KONTROLNY REKORDU
pole kontrolne bg
040 ## - ŹRÓDŁO KATALOGOWANIA
Instytucja, która utworzyła rekord BPK
041 ## - KOD JĘZYKA
Kod języka tekstu pol
008 - POLE O STAŁEJ DŁUGOŚCI - DANE KONTROLNE
podpole kontrolne o stałej długości s pl f |000 0 pol
100 1# - NAZWA OSOBOWA
Nazwa osobowa MARYAŃSKA, A.
245 #0 - TYTUŁ/ODPOWIEDZIALNOŚĆ
Tytuł Geografia ekonomiczna Ameryki Łacińskiej /
Pozostałe elementy strefy tytułu i oznaczenia odpowiedzialności A. Maryańska, P. Modrzejewski, Z. Szot.
250 ## - STREFA WYDANIA
Oznaczenie wydania Wyd.2 zm. i uakt.
260 ## - STREFA ADRESU WYDAWNICZEGO
Miejsce wydania Warszawa.
700 1# - HASŁO DODATKOWE - NAZWA OSOBOWA
Nazwa osobowa MODRZEJEWSKI, P.
700 1# - HASŁO DODATKOWE - NAZWA OSOBOWA
Nazwa osobowa SZOT, Z.
856 ## - LOKALIZACJA I DOSTĘP DO ELEKTRONICZNYCH DOKUMENTÓW ZDALNYCH
Link (URL) http://koha.tu.koszalin.pl/cgi-bin/koha/opac-detail.pl?biblionumber=10263
Tekst linku Katalog online BPK
942 ## - DODATKOWE ELEMENTY (KOHA)
Typ dokumentu Książka
Egzemplarze
Wycofany Status egzemplarza Uszkodzony Dostępność Lokalizacja stała Lokalizacja bieżąca Miejsce przechowywania Sygnatura Kod kreskowy Typ dokumentu
      Dostępny Biblioteka Politechniki Koszalińskiej Biblioteka Politechniki Koszalińskiej Wypożyczalnia BG P 38845 02003818 Książka
© 2023 Biblioteka Politechniki Koszalińskiej :: KOHA